00474nam a22001577a 450000500170000001000130001702000260003003500130005603700240006908200150009310000160010824500500012426000410017427000750021530000260029020200914151651.0 aB-732625 a9788193812280c795.00 aB-732625 bAtharv Publications a363.340954 aRamaiah, G. aDisaster management in India /cby G. Ramaiah aNew DelhibAtharv Publicationsc2019 a110, 1st Floor, Gali No.4, Harphool Vihar, BapraulabNew Delhie110043 axiii, 255p.c22cm(Hb)